Five steps to risk assessment (Record no. 105598)
[ view plain ]
| 000 -LEADER | |
|---|---|
| fixed length control field | 01115cam a2200217 4500 |
| 001 - CONTROL NUMBER | |
| control field | ##L134216 |
| 008 - FIXED-LENGTH DATA ELEMENTS--GENERAL INFORMATION | |
| fixed length control field | 060718n2006 000 0 eng u |
| 020 ## - INTERNATIONAL STANDARD BOOK NUMBER | |
| International Standard Book Number | 071766189X |
| 035 ## - SYSTEM CONTROL NUMBER | |
| System control number | (Sirsi) u134216 |
| 041 0# - LANGUAGE CODE | |
| Language code of text/sound track or separate title | eng |
| 050 04 - LIBRARY OF CONGRESS CALL NUMBER | |
| Classification number | 344.410465 $2 18 |
| 110 1# - MAIN ENTRY--CORPORATE NAME | |
| Corporate name or jurisdiction name as entry element | Great Britain |
| Subordinate unit | Health and Safety Executive |
| 245 00 - TITLE STATEMENT | |
| Title | Five steps to risk assessment |
| 260 ## - PUBLICATION, DISTRIBUTION, ETC. | |
| Date of publication, distribution, etc. | 2006 |
| 520 ## - SUMMARY, ETC. | |
| Summary, etc. | A simple, straightforward guide for employers, explaining how to assess risks in the workplace. The five key steps considered are the identification of hazards, deciding who might be harmed and how, evaluation of risks and deciding on appropriate precautions, recording and implementing findings, and reviewing and updating assessments. Also contains frequently asked questions and a guide to sources of further information. |
| 590 ## - LOCAL NOTE (RLIN) | |
| Local note | IKA180706 NTK |
| 651 #4 - SUBJECT ADDED ENTRY--GEOGRAPHIC NAME | |
| Geographic name | United Kingdom |
| Chronological subdivision | |
| 690 ## - LOCAL SUBJECT ADDED ENTRY--TOPICAL TERM (OCLC, RLIN) | |
| Topical term or geographic name as entry element | MANAGEMENT-HEALTH AND SAFETY-HEALTH AND SAFETY RISK MANAGEMENT-HEALTH AND SAFETY RISK ASSESSMENT |
| 856 41 - ELECTRONIC LOCATION AND ACCESS | |
| Uniform Resource Identifier | <a href="https://www.hse.gov.uk/risk/fivesteps.htm">https://www.hse.gov.uk/risk/fivesteps.htm</a> |
| Public note | View the item free of charge at www.hse.gov.uk/... |
| 942 ## - ADDED ENTRY ELEMENTS (KOHA) | |
| Suppress in OPAC | 0 |
| Withdrawn status | Lost status | Source of classification or shelving scheme | Damaged status | Not for loan | Home library | Current library | Shelving location | Date acquired | Total Checkouts | Full call number | Barcode | Date last seen | Copy number | Price effective from | Koha item type |
|---|---|---|---|---|---|---|---|---|---|---|---|---|---|---|---|
| Dewey Decimal Classification | Virtual | Virtual | Online | 18/07/2006 | ONLINE PUBLICATION | 134216-1001 | 06/08/2019 | 1 | 06/08/2019 | Book |